000 00247nam a22001217a 4500
008 171123b xxu||||| |||| 00| 0 eng d
041 _aeng
080 _a51
100 _a36
101 _aMAT
245 _aTRIGONOMETRY
_cREES,D
942 _2udc
_cBK
999 _c38372
_d38372